| 000 | 00871nam a2200253 i 4500 | ||
|---|---|---|---|
| 003 | DO-SdBNP | ||
| 005 | 20260417133939.0 | ||
| 007 | ta | ||
| 008 | 260414b1999 sp ||||| |||| 00| 0 spa d | ||
| 040 |
_aDO-SdBNP _bspa _cBNPHU _erda |
||
| 041 | _aspa | ||
| 082 | 4 | _222 | |
| 100 | 1 |
_aGrass, Günter _eautor _4aut. _989327 |
|
| 245 | 1 |
_aDiálogo sobre la desmemoria, los tabúes y el olvido : _bdos escritores comprometidos conversan sobre la función del intelectual en la sociedad contemporánea / _cGünter Grass, Juan Goytisolo. |
|
| 264 | 4 |
_aBarcelona : _bGalaxia Gutenberg, _c©1999 |
|
| 300 |
_a45 páginas ; _c23 cm. |
||
| 336 |
_atexto _btxt _2rdacontent |
||
| 337 |
_asin mediación _bn _2rdamedia |
||
| 338 |
_avolumen _bnc _2rdacarrier |
||
| 590 | _aInventariado, 2026 /LP | ||
| 700 |
_aGoytisolo, Juan _eautor _4aut. _93544 |
||
| 910 | _aLP | ||
| 942 |
_2ddc _cLBS1 |
||
| 999 |
_c60549 _d60549 |
||